Detalles MARC
| 000 -LEADER |
| fixed length control field |
02362nam a2200361 a 4500 |
| 001 - CONTROL NUMBER |
| control field |
000012928 |
| 003 - CONTROL NUMBER IDENTIFIER |
| control field |
DO-SdBNP |
| 005 - DATE AND TIME OF LATEST TRANSACTION |
| control field |
20150813111012.0 |
| 007 - PHYSICAL DESCRIPTION FIXED FIELD--GENERAL INFORMATION |
| fixed length control field |
000012928 |
| 008 - FIXED-LENGTH DATA ELEMENTS--GENERAL INFORMATION |
| fixed length control field |
091118s2005 dr ac 000 0 spa d |
| 020 ## - INTERNATIONAL STANDARD BOOK NUMBER |
| International Standard Book Number |
9945110438 (v. 2) |
| 020 ## - INTERNATIONAL STANDARD BOOK NUMBER |
| International Standard Book Number |
9945110446 (v. 3) |
| 040 ## - CATALOGING SOURCE |
| Original cataloging agency |
BPMSU |
| Language of cataloging |
spa |
| Transcribing agency |
BPMSU |
| 092 ## - LOCALLY ASSIGNED DEWEY CALL NUMBER (OCLC) |
| Classification number |
xxxx |
| Item number |
L566 |
| 245 00 - TITLE STATEMENT |
| Title |
Lengua y literatura : |
| Remainder of title |
educación media / |
| Statement of responsibility, etc. |
Martha Campusano...[et al.] ; dirección editorial Obdulia García de Escobar. |
| 246 ## - VARYING FORM OF TITLE |
| Title proper/short title |
Educación media |
| 260 ## - PUBLICATION, DISTRIBUTION, ETC. (IMPRINT) |
| Place of publication, distribution, etc. |
Santo Domingo : |
| Name of publisher, distributor, etc. |
Santillana, |
| Date of publication, distribution, etc. |
2005. |
| 300 ## - PHYSICAL DESCRIPTION |
| Extent |
4 v. : |
| Other physical details |
il., retrs. ; |
| Dimensions |
28 cm. |
| 490 1# - SERIES STATEMENT |
| Series statement |
Ámbar |
| 500 ## - GENERAL NOTE |
| General note |
La biblioteca solamente posee los volumenes 2-3 |
| 505 0# - FORMATTED CONTENTS NOTE |
| Formatted contents note |
v. 2 : |
| Miscellaneous information |
2do. curso/ 1er. ciclo |
| -- |
unidad 1 -- |
| Title |
Vivir para aprender -- |
| Miscellaneous information |
unidad 2 -- |
| Title |
El deber histórico -- |
| Miscellaneous information |
unidad 3 -- |
| Title |
Creer para vivir -- |
| Miscellaneous information |
unidad 4 -- |
| Title |
Nos hacemos trabajando -- |
| Miscellaneous information |
unidad 5 -- |
| Title |
Creer para crear -- |
| Miscellaneous information |
unidad 6 -- |
| Title |
El lugar donde vivimos -- |
| Miscellaneous information |
unidad 7 -- |
| Title |
Tu vida es tu historia -- |
| Miscellaneous information |
unidad 8 -- |
| Title |
¿Vives como piensas? -- |
| Miscellaneous information |
unidad 9 -- |
| Title |
El teatro de la vida -- |
| Miscellaneous information |
unidad 10 -- |
| Title |
El deber de recordar -- |
| 505 0# - FORMATTED CONTENTS NOTE |
| Formatted contents note |
v. 3 : |
| Miscellaneous information |
1er. curso/ 2do. ciclo |
| -- |
unidad 1 -- |
| Title |
El trabajo de ser uno mismo -- |
| Miscellaneous information |
unidad 2 -- |
| Title |
Respetar el derecho ajeno -- |
| Miscellaneous information |
unidad 3 -- |
| Title |
Construir al ser humano -- |
| Miscellaneous information |
unidad 4 -- |
| Title |
La mujer en la historia -- |
| Miscellaneous information |
unidad 5 -- |
| Title |
Amigos para siempre -- |
| Miscellaneous information |
unidad 6 -- |
| Title |
Ser dominicanos -- |
| Miscellaneous information |
unidad 7 -- |
| Title |
Valemos lo que soñamos -- |
| Miscellaneous information |
unidad 8 -- |
| Title |
El reino de este mundo -- |
| Miscellaneous information |
unidad 9 -- |
| Title |
Pensar para crecer -- |
| Miscellaneous information |
unidad 10 -- |
| Title |
¡Máquina con tus ideas! -- |
| 505 0# - FORMATTED CONTENTS NOTE |
| Formatted contents note |
v. 4 : |
| Miscellaneous information |
2do. curso/ 2do. ciclo |
| -- |
unidad 1 -- |
| Title |
El sentido del orden -- |
| Miscellaneous information |
unidad 2 -- |
| Title |
Por caminos imaginarios -- |
| Miscellaneous information |
unidad 3 -- |
| Title |
El límite de lo real -- |
| Miscellaneous information |
unidad 4 -- |
| Title |
La ciencia a favor de la vida -- |
| Miscellaneous information |
unidad 5 -- |
| Title |
Crear para ser -- |
| Miscellaneous information |
unidad 6 -- |
| Title |
El mundo del trabajo -- |
| Miscellaneous information |
unidad 7 -- |
| Title |
Con ojo crítico -- |
| Miscellaneous information |
unidad 8 -- |
| Title |
Tu historia cuenta -- |
| Miscellaneous information |
unidad 9 -- |
| Title |
Cuando crear es hacer -- |
| Miscellaneous information |
unidad 10 -- |
| Title |
Leer, imaginar, crecer -- |
| 700 1# - ADDED ENTRY--PERSONAL NAME |
| Personal name |
Flores, Tania |
| 700 1# - ADDED ENTRY--PERSONAL NAME |
| Personal name |
García Cartagena, Manuel |
| 700 1# - ADDED ENTRY--PERSONAL NAME |
| Personal name |
Osorio Meza, María José |
| 700 1# - ADDED ENTRY--PERSONAL NAME |
| Personal name |
García Escobar, Obdulia de, |
| Relator term |
dir. ed. |
| 830 #0 - SERIES ADDED ENTRY--UNIFORM TITLE |
| Uniform title |
Ámbar |
| 930 #1 - EQUIVALENCE OR CROSS-REFERENCE-UNIFORM TITLE HEADING [LOCAL, CANADA] |
| Language of a work |
BND01 |
| Medium of performance for music |
LF1 |
| Field link and sequence number |
20091118 |
| Date of a work |
01 |
| Name of part/section of a work |
HD |
| Miscellaneous information |
7864 |
| 942 ## - ADDED ENTRY ELEMENTS (KOHA) |
| Source of classification or shelving scheme |
Dewey Decimal Classification |
| Koha item type |
Libros |
| 956 ## - LOCAL ELECTRONIC LOCATION AND ACCESS (OCLC) |
| Host name |
YLOCKWARD |
| Access number |
10 |
| Compression information |
20150805 |
| Logon |
BND01 |
| Processor of request |
1303 |
| 956 ## - LOCAL ELECTRONIC LOCATION AND ACCESS (OCLC) |
| Host name |
VMATEO |
| Access number |
10 |
| Compression information |
20150813 |
| Logon |
BPMSU |
| Processor of request |
00151 |